US States by Name Length Quiz Stats

Quiz Updated Nov 3, 2016

Challenge
Share
Tweet
Embed
Score 0/50 Timer 04:00
9 Plays Today
Beginning Letter US State % Correct
IIowa
98.7%
UUtah
98.4%
OOhio
98.2%
MMaine
92%
TTexas
91.1%
KKansas
90.5%
HHawai'i
89.7%
AAlaska
87.8%
IIdaho
85.7%
GGeorgia
85.7%
AAlabama
83.9%
FFlorida
83.8%
IIndiana
82.4%
OOregon
81.2%
VVermont
77.6%
NNevada
76.1%
KKentucky
71.5%
DDelaware
71.2%
AArkansas
69.7%
MMontana
69.7%
IIllinois
68.3%
AArizona
68.3%
NNew York
66%
CColorado
65%
WWyoming
63.1%
Beginning Letter US State % Correct
VVirginia
57.1%
LLouisiana
53.8%
OOklahoma
51%
MMichigan
50.4%
TTennessee
48%
NNebraska
46%
WWashington
45.2%
MMaryland
44.4%
CCalifornia
42.3%
SSouth Carolina
40.7%
MMissouri
40.5%
NNorth Carolina
39.8%
CConnecticut
39.6%
NNew Jersey
38.7%
SSouth Dakota
38.2%
RRhode Island
37.6%
MMinnesota
37.5%
NNorth Dakota
37.3%
PPennsylvania
36.9%
WWisconsin
36.6%
WWest Virginia
36.5%
NNew Mexico
36.1%
MMississippi
32%
MMassachusetts
31%
NNew Hampshire
27.9%

You're not logged in!

Compare scores with friends on all Sporcle quizzes.
Join for Free
OR
Log In

You Might Also Like...

Show Comments

Extras

Top Quizzes Today


Score Distribution

Your Account Isn't Verified!

In order to create a playlist on Sporcle, you need to verify the email address you used during registration. Go to your Sporcle Settings to finish the process.

Report this User

Report this user for behavior that violates our Community Guidelines.

Details: